Metodologické otázky v riešení vzťahov plánov a ceny a ich uplatňovanie v sustave riadenia pri zvyšovaní efektivnosti výskumná úloha ŠPEV 902 11 401/01

Salvato in:
Dettagli Bibliografici
Natura: Libro
Lingua:slovacco
Pubblicazione: Bratislava VŠE 1985
Tags: Aggiungi Tag
Nessun Tag, puoi essere il primo ad aggiungerne!!

MARC

LEADER 00000nam a2200000 4500
001 c033752
005 20260325103052.2
041 0 |a slo 
044 |a SK 
245 1 0 |a Metodologické otázky v riešení vzťahov plánov a ceny a ich uplatňovanie v sustave riadenia pri zvyšovaní efektivnosti  |b výskumná úloha ŠPEV 902 11 401/01 
264 1 |a Bratislava  |b VŠE  |c 1985 
300 |a 178 s.